000 00562nam a2200181 i 4500
001 84338
003 ES-MaACL
005 20250830063056.0
007 t|
008 041122s1913 sp ||||1| spa d
100 1 _aGiménez Soler, Andrés,
_d1869-1938
_966618
245 1 3 _aLa España primitiva según la filología /
_cpor Andrés Jiménez Soler.
260 _aZaragoza :
_b[s.n.],
_c1913 (
_fTip. de G. Casañal)
300 _a180 p. ;
_c21 cm.
651 4 _aEspaña-
_xHistoria.
_98209
852 _aES-MaACL
_jT-1448-F-2
999 _c84338
_d84338